|
|
|
|
| LEADER |
00000nam0a2200000 4500 |
| 001 |
147618 |
| 005 |
20231031145121.0 |
| 035 |
|
|
|a (RuTPU)RU\TPU\book\160005
|
| 090 |
|
|
|a 147618
|
| 100 |
|
|
|a 20081118d1986 m y0rusy50 ca
|
| 101 |
0 |
|
|a rus
|
| 102 |
|
|
|a RU
|
| 105 |
|
|
|a a j 001zy
|
| 200 |
1 |
|
|a Основы робототехники
|e учебное пособие
|f К. Д. Никитин [и др.]
|
| 210 |
|
|
|a Красноярск
|c Изд-во Красноярского ун-та
|d 1986
|
| 215 |
|
|
|a 208 с.
|c ил.
|
| 320 |
|
|
|a Библиогр.: с. 203-204.
|
| 610 |
1 |
|
|a учебные пособия
|
| 610 |
1 |
|
|a робототехника
|
| 610 |
1 |
|
|a роботизация производства
|
| 610 |
1 |
|
|a состав
|
| 610 |
1 |
|
|a структура
|
| 610 |
1 |
|
|a общая классификация
|
| 610 |
1 |
|
|a технические характеристики
|
| 610 |
1 |
|
|a устройство
|
| 610 |
1 |
|
|a манипуляционные системы
|
| 610 |
1 |
|
|a захватные устройства
|
| 610 |
1 |
|
|a приводы
|
| 675 |
|
|
|a 621.865.8(075.8)
|v 3
|
| 701 |
|
1 |
|a Никитин
|b К. Д.
|g Константин Дмитриевич
|
| 701 |
|
1 |
|a Пономарев
|b В. П.
|g Валентин Петрович
|
| 701 |
|
1 |
|a Смолин
|b А. Ю.
|g Александр Юрьевич
|
| 701 |
|
1 |
|a Василенко
|b Н. В.
|g Николай Васильевич
|
| 801 |
|
1 |
|a RU
|b 63413507
|c 20081118
|g PSBO
|
| 801 |
|
2 |
|a RU
|b 63413507
|c 20220720
|g PSBO
|
| 942 |
|
|
|c BK
|